000 00539nam a2200181Ia 4500
001 24291
005 20260414151033.0
008 260414t2013||||xx |||||||||||||| ||spa||
041 _aESP
082 _a345.2
_bP86
100 _aPriori Posada, Giovanni (coord.)
_eAUT
245 0 _aProceso y constitución :
_blas garantías del justo proceso: ponencias del tercer seminario internacional proceso y constitución
260 _c2013
300 _a656 páginas :
_c24 cm.
650 _aDER
654 _aCDE
942 _cLIB
_dJUS
_fJUS
_2ddc
_n
999 _c24291
_d24291